000
00197 a2200097 4500
041
_a
spa
100
_a
Brown, Marc
245
_a
Arturo y sus problemas con el profesor
942
_c
BK
952
_7
1
999
_c
20479
_d
20479